Di Bibirmu Ada Lagu
| Main Author: | |
|---|---|
| Format: | Book |
| Published: |
Kuala Lumpur :
Melati Publisher Sdn.Bhd. ,
1995
|
| Series: | Remaja riang ria
|
MARC
| LEADER | 00000cam a2200000 7i4500 | ||
|---|---|---|---|
| 001 | 0000007929 | ||
| 002 | 000008503 | ||
| 005 | 20000330.0 | ||
| 020 | |a 9839806032 | ||
| 090 | 0 | 0 | |a F |b SHA |
| 100 | 0 | |a Shai | |
| 245 | 1 | 0 | |a Di Bibirmu Ada Lagu |c Shai |
| 260 | |a Kuala Lumpur : |b Melati Publisher Sdn.Bhd. , |c 1995 | ||
| 300 | |a 125p. ; |c 18cm. | ||
| 490 | 0 | |a Remaja riang ria | |
| 999 | |a 054682 |b BUKU |c FICTION |e PERPUSTAKAAN KOMUNITI CAW KOTA DAMANSARA | ||
| 999 | |a 054683 |b BUKU |c PINJAMAN |e PERPUSTAKAAN KOMUNITI CAW KOTA DAMANSARA | ||